000 00860nam0a22002411 4500
001 rc\31634
005 20021216124035.9
010 _a5-87140-018-3
_92000
035 _a(NLR Aleph) 005316754
090 _a6444407
_c6444407
100 _a20021216d1996 u |0rusy50 ca
101 0 _arus
102 _aRU
105 _ay |||||||||
200 1 _aРабота туристской фирмы по организации зарубежных поездок
_eТеория и практика маркетинга
_e(Учеб. пособие)
_fВысш. шк. по туризму и гостинич. хоз-ву
210 _aМ.
_cВШТГ
_d1996
215 _a135 с.
_d20
700 1 _aИсмаев
_bД. К.
_gДонат Каримуллович
801 0 _aRU
_bNLR
_gpsbo
801 1 _aRU
_bELAR
_2rusmarc
852 _aNLR
_j96-3/3749
942 _cBOOK
980 _aNB